| 000 | 00483nam a2200157Ia 4500 | ||
|---|---|---|---|
| 008 | 210716s1995 xx 000 0 und d | ||
| 020 | _a1570710457 | ||
| 041 | _aeng | ||
| 082 | _a658.1592 FLER | ||
| 100 | _aFleury, Robert E. | ||
| 245 |
_aThe small business survival guide: how to manage your cash, profits and taxes. _bHow to manage your cash, profits and taxes. |
||
| 250 | _a3 | ||
| 260 |
_aNeparvalli _bSourcebooks _c1995 |
||
| 300 | _a237 | ||
| 650 | _aInternational Finance | ||
| 999 |
_c200697 _d200697 |
||